Cassell's German and English dictionary

Bibliographic Details
Main Author: BREUL 1860-1932
Other Authors: Kottenhahn, Lepper
Format: Book
Published: London : Cassell and Co. , 1949
Edition:8th ed.
Subjects:

MARC

LEADER 00000cam a2200000 7i4500
001 0000001012
005 20131208.0
090 0 0 |a R433.31   |b BRE 1949 
100 1 0 |a BREUL   |h Karl   |c 1860-1932 
245 1 0 |a Cassell's German and English dictionary   |c Karl Breul; revised and enlarged by J. Heron Lepper and Rudolf Kottenhahn 
250 0 0 |a 8th ed. 
260 0 0 |a London :   |b Cassell and Co. ,   |c 1949 
300 |a xix, 687 p. ;   |c 22 cm. 
650 0 0 |a English language   |x Dictionaries   |z German 
650 0 0 |a German language   |x Dictionaries   |x English 
700 0 1 |a Kottenhahn   |h Rudolf 
700 0 1 |a Lepper   |h J. Heron 
998 |a JPSM 
999 |a 0000000057   |b Monograph   |c Reference   |e Default branch